Theory of machines (Record no. 5797)

000 -LEADER
fixed length control field 00476nam a2200193 4500
001 - CONTROL NUMBER
control field 5797
003 - CONTROL NUMBER IDENTIFIER
control field BD-DhUET
008 - FIXED-LENGTH DATA ELEMENTS--GENERAL INFORMATION
fixed length control field 141129b xxu||||| |||| 00| 0 eng d
040 ## - CATALOGING SOURCE
Transcribing agency 0
Modifying agency BD-DhUET
082 ## - DEWEY DECIMAL CLASSIFICATION NUMBER
Classification number 621.811
Item number KHU/1984
100 ## - MAIN ENTRY--PERSONAL NAME
Personal name Khurmi, R. S.
245 ## - TITLE STATEMENT
Title Theory of machines
250 ## - EDITION STATEMENT
Edition statement 1st ed.
260 ## - PUBLICATION, DISTRIBUTION, ETC. (IMPRINT)
Place of publication, distribution, etc. New Delhi
Name of publisher, distributor, etc. Eurasia Publishing house
Date of publication, distribution, etc. 1984
300 ## - PHYSICAL DESCRIPTION
Extent viii,1107p.
Other physical details ill.
650 #0 - SUBJECT ADDED ENTRY--TOPICAL TERM
Topical term or geographic name as entry element Machinery, Kinematics
700 ## - ADDED ENTRY--PERSONAL NAME
Personal name Gupta, V. K.
942 ## - ADDED ENTRY ELEMENTS (KOHA)
Koha item type General Book
Holdings
Damaged status Lost status Withdrawn status Koha date last borrowed Price effective from Koha item type Copy number Sublocation or collection (holding branch) Location (home branch) Koha date last seen Koha issues (times borrowed) Source of classification or shelving scheme Piece designation (barcode) Date acquired Not for loan Koha full call number Koha normalized classification for sorting Shelving location
   2024-09-172014-11-29General Book1Central Library, BUETCentral Library, BUET2025-04-134 583222014-11-29 621.11/KHU/1984621_110000000000000_KHU_1984Circulation section
   2023-07-152014-11-29General Book2Central Library, BUETCentral Library, BUET2023-11-284 583252014-11-29 621.11/KHU/1984621_110000000000000_KHU_1984Circulation section
   2023-09-162014-12-06General Book3Central Library, BUETCentral Library, BUET2023-11-298 583262014-12-06 621.811/KHU/1984621_811000000000000_KHU_1984Circulation section
    2015-06-20Reading Item4Central Library, BUETCentral Library, BUET2015-06-20  583212015-06-20 621.811/KHU/1984621_811000000000000_KHU_1984Reading section
    2015-06-28Reading Item5Central Library, BUETCentral Library, BUET2015-06-28  583202015-06-28 621.811/KHU/1984621_811000000000000_KHU_1984Reading section
    2015-06-28Reading Item6Central Library, BUETCentral Library, BUET2015-06-28  583182015-06-28 621.811/KHU/1984621_811000000000000_KHU_1984Reading section
    2015-06-30Reading Item7Central Library, BUETCentral Library, BUET2015-06-30  583172015-06-30 621.811/KHU/1984621_811000000000000_KHU_1984Reading section